Statistiques concernant Toutes les villes ayant été capitale de la France sur une carte

Cliquez ici pour prendre le quiz!

Statistiques générales

  • Ce quiz a été pris 4 031 fois
  • Le résultat moyen est 10 sur 19

Réponses sur la Carte

Les réponses sont colorées sur une échelle allant du rouge au vert en fonction du pourcentage des utilisateurs qui les ont devinées à leur premier essai. Vous pouvez retrouver ces pourcentages ci-dessous.
Chargement ...
Afrique:
 

Statistiques - réponses

Date de finVille% Correct
présent*Paris
99%
1914Bordeaux
95%
1944Alger
91%
1879Versailles
77%
1944Vichy
72%
613Reims
71%
613Orléans
68%
673Metz
65%
1594Tours
60%
843Aix-la-Chapelle
51%
1942Brazzaville
51%
1422Troyes
35%
1442Bourges
33%
613Soissons
22%
1944Bayeux
20%
1495Moulins
19%
987Laon
18%
508Tournai
12%
673Clichy
5%

Distribution des résultats

Percentile par nombre de réponses

% des personnes avec chaque résultat

Votre développement - résultats

Vous n’avez pas pris ce quiz